El debate prohibido (Registro nro. 141176)

Detalles MARC
000 -CABECERA
campo de control de longitud fija 00683nam a2200265Ia 4500
001 - NÚMERO DE CONTROL
campo de control 141176
003 - IDENTIFICADOR DEL NÚMERO DE CONTROL
campo de control 233519
005 - FECHA Y HORA DE LA ÚLTIMA TRANSACCIÓN
campo de control 20241002063742.0
008 - DATOS DE LONGITUD FIJA--INFORMACIÓN GENERAL
campo de control de longitud fija ||||||n9999 ||| || ||
082 ## - NÚMERO DE LA CLASIFICACIÓN DECIMAL DEWEY
Número de clasificación 330
100 ## - ENTRADA PRINCIPAL--NOMBRE DE PERSONA
Nombre de persona Fitoussi, Jean-Paul
9 (RLIN) 160351
245 #0 - MENCIÓN DE TÍTULO
Título El debate prohibido
Resto del título moneda, Europa, pobreza
Mención de responsabilidad, etc. Jean-Paul Fitoussi ; traducción de Guillermo Sánchez Gallego
562 ## - NOTA DE IDENTIFICACIÓN DE LA COPIA Y VERSIÓN
Número de copias 1
526 ## - NOTA DE INFORMACIÓN SOBRE EL PROGRAMA DE ESTUDIO
Nombre del programa 116204 - ECONOMÍA PÚBLICA - Presencial
526 ## - NOTA DE INFORMACIÓN SOBRE EL PROGRAMA DE ESTUDIO
Nombre del programa 4969 - ESPECIALIZACIÓN EN ADMINISTRACIÓN PÚBLICA CONTEMPORÁNEA - Presencial
526 ## - NOTA DE INFORMACIÓN SOBRE EL PROGRAMA DE ESTUDIO
Nombre del programa 19790 - MAESTRÍA EN ADMINISTRACIÓN PÚBLICA - Presencial
526 ## - NOTA DE INFORMACIÓN SOBRE EL PROGRAMA DE ESTUDIO
Nombre del programa 104436 - MAESTRÍA EN ADMINISTRACIÓN PÚBLICA - A distancia
526 ## - NOTA DE INFORMACIÓN SOBRE EL PROGRAMA DE ESTUDIO
Nombre del programa 5144 - ESPECIALIZACIÓN EN ALTA DIRECCIÓN DEL ESTADO - Presencial
526 ## - NOTA DE INFORMACIÓN SOBRE EL PROGRAMA DE ESTUDIO
Nombre del programa 51868 - ADMINISTRACIÓN PÚBLICA - Presencial
526 ## - NOTA DE INFORMACIÓN SOBRE EL PROGRAMA DE ESTUDIO
Nombre del programa 1697 - ADMINISTRACIÓN PÚBLICA TERRITORIAL - A distancia
650 ## - PUNTO DE ACCESO ADICIONAL DE MATERIA--TÉRMINO DE MATERIA
Término de materia o nombre geográfico como elemento de entrada POBREZA
9 (RLIN) 172897
650 #0 - PUNTO DE ACCESO ADICIONAL DE MATERIA--TÉRMINO DE MATERIA
Término de materia o nombre geográfico como elemento de entrada Política económica
9 (RLIN) 154
650 ## - PUNTO DE ACCESO ADICIONAL DE MATERIA--TÉRMINO DE MATERIA
Término de materia o nombre geográfico como elemento de entrada POLÍTICA MONETARIA--COLOMBIA
9 (RLIN) 5511
942 ## - ELEMENTOS DE PUNTO DE ACCESO ADICIONAL (KOHA)
Tipo de ítem Koha Libro
Existencias
Estado de retiro Estado de pérdida Estado dañado No para préstamo Código de colección Localización permanente Ubicación/localización actual Coste, precio normal de compra Total de préstamos Signatura topográfica completa Código de barras Número de copia Tipo de ítem Koha
        General Cali - Sede Valle del Cauca Cali - Sede Valle del Cauca 0.00   330 F47d VAL6169 1 Libro